Online Catalogue and eLibrary

Sollaatha sehikal (Record no. 4315)

MARC details
000 -LEADER
fixed length control field 00364nam a2200145Ia 4500
005 - DATE AND TIME OF LATEST TRANSACTION
control field 20250509065437.0
008 - FIXED-LENGTH DATA ELEMENTS--GENERAL INFORMATION
fixed length control field 240331s9999 xx 000 0 und d
082 ## - DDC Classification
Item Number - Author Mark SOL
Class No. 891
245 #0 - TITLE STATEMENT
Title Sollaatha sehikal
260 ## - PUBLICATION, DISTRIBUTION, ETC.
Place of publication, distribution, etc. Jaffna
Name of publisher, distributor, etc. Women's Study Circle
Date of publication, distribution, etc. 1986
300 ## - PHYSICAL DESCRIPTION
Extent (e.g. Volumes, Pages etc.) 42 p . ,
500 ## - GENERAL NOTE
General note A collection of Twenty Poems
700 ## - ADDED ENTRY--PERSONAL NAME
Personal name Sangari.
Relator term (Role) Editor
942 ## - Koha item type (Biblio)
Koha item type Books in Stacks (Lending)
Holdings
Lost status Damaged status Collection code Home library Current library Shelving location Date acquired Full call number Accession Number Item type
    Lending WERC Library WERC Library Social Science Cupboard 03/31/2024 894.811 SOL 2375 Books in Stacks (Lending)

© WERC Library